000 00421nam a2200133Ia 4500
008 231129s2016||||xx |||||||||||||| ||spa||
020 _a978-958-8944-12-8
082 _a303.6986 P434l
100 _aPerea Restrepo Carlos Mario.
245 0 _aLimpieza social: Una violencia mal nombrada
260 _c2016
264 _aBogotá: Centro Nacional de Memoria Histórica
942 _2ddc
_cBKS
999 _c19299
_d19299